000 01630 a2200265 4500
003 Nust
005 20170207165239.0
020 _a9780470868539
020 _a9780470868539
024 7 _a10.1002/0470868538
035 _a(OCoLC)85820642
040 _cNust
082 0 4 _a384
100 1 _aOlsson, Anders.
245 1 0 _aUnderstanding changing telecommunications(E BOOK)
_h[Elektronisk resurs] :
_bbuilding a successful telecom business /
_cAnders Olsson.
260 _aChichester, England ;
_aHoboken, NJ :
_bWiley,
_cc2003.
300 _axxix, 512 p. :
_bill. ;
_c25 cm.
500 _aIncludes index.
650 0 _aTelecommunication.
710 2 _aJohn Wiley & Sons.
856 4 2 _3John Wiley
_uhttp://dx.doi.org/10.1002/0470868538
856 4 2 _uhttp://link.sub.su.se/sfxsub?url_ver=Z39.88-2004&ctx_ver=Z39.88-2004&ctx_enc=info:ofi/enc:UTF-8&rfr_id=info:sid/sfxit.com:opac_856&url_ctx_fmt=info:ofi/fmt:kev:mtx:ctx&sfx.ignore_date_threshold=1&rft.object_id=1000000000356024&svc_val_fmt=info:ofi/fmt:kev:mtx:sch_svc&
856 4 2 _uhttp://sfxeu10.hosted.exlibrisgroup.com/sfxkth?url_ver=Z39.88-2004&ctx_ver=Z39.88-2004&ctx_enc=info:ofi/enc:UTF-8&rfr_id=info:sid/sfxit.com:opac_856&url_ctx_fmt=info:ofi/fmt:kev:mtx:ctx&sfx.ignore_date_threshold=1&rft.object_id=1000000000356024&svc_val_fmt=info:ofi/fmt:kev:mtx:sch_svc&
856 4 2 _uhttp://sfxeu11.hosted.exlibrisgroup.com/sfxkib?url_ver=Z39.88-2004&ctx_ver=Z39.88-2004&ctx_enc=info:ofi/enc:UTF-8&rfr_id=info:sid/sfxit.com:opac_856&url_ctx_fmt=info:ofi/fmt:kev:mtx:ctx&sfx.ignore_date_threshold=1&rft.object_id=1000000000356024&svc_val_fmt=info:ofi/fmt:kev:mtx:sch_svc&
942 _2ddc
_cBK
999 _c211141
_d211141